000 00624nam a2200181Ia 4500
008 100917s9999 xx 000 0 und d
082 _b47904
100 _aरजनीश
245 _aजिनसुत्र (प्रथम पुष्प)
260 _bजीवन जागृती केंद्र प्रकाशन
_c1976
300 _a71
365 _b3
520 _aअध्यात्म
630 _aजिनसुत्र (प्रथम पुष्प)
650 _aअध्यात्म
730 _aजिनसुत्र (प्रथम पुष्प)
942 _cBOOK
999 _c653298
_d653295